000
00299nam a2200121Ia 4500
008
191201s2015 xx 000 0 und d
100
_a
ASHFAQ,Ahmad
245
0
_a
Industrial Waste Treatment Technology
260
_a
N. Delhi
_b
Katson
_c
2015
300
_a
372
650
_a
B.Tech(CE)
942
_2
ddc
_c
BK
999
_c
6503
_d
6503